|
|
|
|
| LEADER |
00000cam a2200000 7i4500 |
| 001 |
0000001330 |
| 005 |
20140419.0 |
| 090 |
0 |
0 |
|a 634.9209595121
|b STR 1991
|
| 245 |
0 |
0 |
|a STRATEGI pemuliharaan sumber semulajadi untuk Negeri Kelantan Darulnaim :
|b Ringkasan eksekutif :
|b Laporan dikemukakan kepada Kerajaan Negeri Kelantan Darulnaim
|c oleh Dana Sedunia Alam Semula Jadi Malaysia
|
| 260 |
0 |
0 |
|a Kuala Lumpur :
|b Dana Sedunia Alam Semula Jadi Malaysia ,
|c 1991
|
| 300 |
|
|
|a 31 p. ;
|c 30 cm.
|
| 500 |
0 |
0 |
|a Texts in Bahasa Malaysia adn English
|
| 650 |
0 |
0 |
|a Forest conservation
|z Kelantan
|
| 710 |
1 |
1 |
|a The World Wide Fund for Nature Malaysia
|
| 998 |
|
|
|a JPSM
|
| 999 |
|
|
|a 0000002187
|b Monograph
|c Open Shelf
|e Default branch
|